Lịch sử phong thủy
Đã lưu trong:
| 主要作者: | |
|---|---|
| 格式: | 圖書 |
| 語言: | Undetermined |
| 出版: |
VHTT
2001
|
| 標簽: |
添加標簽
沒有標簽, 成為第一個標記此記錄!
|
| Thư viện lưu trữ: | Trung tâm Học liệu Trường Đại học Cần Thơ |
|---|
| LEADER | 00458nam a2200145Ia 4500 | ||
|---|---|---|---|
| 001 | CTU_48594 | ||
| 008 | 210402s9999 xx 000 0 und d | ||
| 082 | |a 133.3337 | ||
| 082 | |b H121 | ||
| 100 | |a HÀ HIỂU HÂN | ||
| 245 | 0 | |a Lịch sử phong thủy | |
| 245 | 0 | |c HÀ HIỂU HÂN, La Tuần; Dịch giả: L. Y. Lộc Hà, Ngô Xuân Thiều | |
| 260 | |b VHTT | ||
| 260 | |c 2001 | ||
| 980 | |a Trung tâm Học liệu Trường Đại học Cần Thơ | ||